000 00376nam a2200145Ia 4500
008 100122s9999 xx 000 0 und d
082 _b9361
_a823
100 _aफडके ना सी
245 _aचाहूल
260 _bप्रकाशक शोधणे
_c1950
300 _a100
630 _aचाहूल
730 _aचाहूल
942 _cBOOK
999 _c401392
_d401389